Регионална библиотека "Любен Каравелов" - Русе

Histoire Universelle (Запис номер 430952)

MARC детайли
000 -Лидер
Контролно поле с фиксирана дължина nam a22 a 4500
003 - Код на организацията, давaща контролен номер
Контролно поле BLK
005 - Дата и час на последна редакция
Контролно поле 20210902131817.0
008 - Елементи от данни с фиксирана дължина
fixed length control field 180408b bul|||||r ||||||| ||bul||
040 ## - Източник на каталожния запис
Идентификатор на билиотеката - собственик на записа BLK
041 ## - Код за език
Код за езика на текст/звукозапис или на отделно заглавие Френски
Код за езика КДБФ Френски
080 ## - УДК
Текстов определител УДК Обща световна история. История на света
УДК код - определител по УДК 94(100)
УДК - код + определител 94(100)
100 ## - Редна дума - Автор
R(LIN) 1299
Автор Duruy, Victor
Авторска отговорност първи автор
139 ## - Редно поле
Редна дума Duruy, Victor
245 10 - Сведения за заглавието
Заглавие Histoire Universelle
Редно поле (дума) Victor Duruy
Том Т. 1
Заглавие на том Histoire du Moyen-Age/ Depuis la chute de l'Empire d'Occident jusqu'au milieu du XVe siecle
250 ## - Област на изданието
Сведения за изданието 3 ed.
257 ## - Страна на издаване
Страна на създаване/издаване Франция
260 ## - Област на издателските данни
Място на издаване, разпространение и проч. Paris
Име на издателя, разпространителя и проч. Libr. Hachette
Година на издаване 1866
9 (RLIN) 215648
300 ## - Физическа характеристика
Размери/Мащаб 19 cm
380 ## - Жанр
Жанр История
490 ## - СЕРИИ (Колекции)
Име на серия Колекция Редки и ценни издания
9 (RLIN) 435080
650 #0 - Допълнително описание по предмет – тема
9 (RLIN) 261939
Основно описание – тема или топоним История, световна
653 #7 - Ключова дума – ненормативна
9 (RLIN) 197227
Ключова дума Средновековие
760 ## - Описание на основната серия
Редна дума на основното описание Duruy, Victor
Издание 1866, Paris
Страници - том 591 с., с ил.
Част - том T. 1 Histoire du Moyen-Age/ Depuis la chute de l'Empire d'Occident jusqu'au milieu du XVe siecle
Заглавие Histoire Universelle
852 ## - Местоположение
Форматна сигнатура Рф 866
Фондова буква Редки и ценни
856 4# - Електронен адрес и достъп
Електронен формат pdf - файл
856 4# - Електронен адрес и достъп
Електронен формат pdf - файл
999 ## - СИСТЕМНИ КОНТРОЛНИ НОМЕРА
Koha biblionumber 430952
Koha biblioitemnumber 430952
942 ## - АРТИКУЛИ
Вид на библиотечния материал Книги
Скрит в OPAC Не
Периодичен библиозапис Да
944 ## - СЪЗДАВАНЕ И РЕДАКЦИЯ на ЗАПИСА
Създаване/Редакция Създаване
Дата на регистрацията/редакция 2021-09-02
Служител, извършил регистрацията/редакцията К.Д.
Наличности
Код за отписване Код за изгубен артикул Източник на класификационната схема Код за повреда Коз за рестрикции Код за отдаване Артикулен № Име на библиотеката - собственик Име на библиотеката, в която се намира в момента Статус (Текущо местоположение) Дата на вписване в системата Местоположение - отдел Цена в лева Инвентарен номер Систематично азбучна сигнатура Баркод Цена в евро Служебен тип на артикула
  Не е изгубен Universal Decimal Classification Не е повреден само за читалня Специални фондове ( старопечатни, редки и ценни, фонд М. Арнаудов) 854536 Регионална библиотека "Любен Каравелов" Русе Регионална библиотека "Любен Каравелов" Русе Редки и ценни 2021-09-23 Редки и ценни 1.18 13164/58 Рф 866 900000077323 0.60 Книги
Vip Innovations Ltd, Rousse, Bulgaria 2025